Compétences stratégiques Juvenes Mobiles F/01/B/P/PP-118060

Bibliographic Details
Main Authors: Gašparík, Jozef, 1957- (Author), Szalayová, Sylvia, 1971- (Author)
Other Authors: Csizmadiová, Beáta (Translator)
Format: Book
Language:French
Slovak
PhysicalDescription:93 strán tabuľky 21 cm
Published: Bratislava Université Slovaque de Technique Cemaks 2003
ISBN:8022719943
Edition:[1. éd.]
Subjects:

MARC

LEADER 00000cam a2200000 a 4500
001 vtls001461968
003 SK-MaSNL
005 20260301104007.0
008 240226s2003 xo l grn 000 0 fre
015 |a SNBA2004/09-05213 
020 |a 8022719943 
035 |a SNK000417275 
035 |a urn:nbn:sk:snk-am3ixl0 
035 |a 2C3AE762-ADC4-4D7D-8742-1D1F8CF25C0A 
035 |a urn:nbn:sk:snk-am00g5ja 
040 |a SNK  |b slo  |c SNK  |e AACR2 
041 1 |a fre  |h slo 
044 |a xo  |c SK 
072 7 |a 005  |x Manažment. Riadenie  |2 konspekt 
080 |a 005.6(035)=111  |2 1997 
080 |a 005.6  |2 2011 
080 |a 658  |2 2011 
080 |a (048.8)  |2 2011 
080 |a 658  |2 1997 
100 1 |a Gašparík, Jozef,  |d 1957-  |4 aut 
245 1 0 |a Compétences stratégiques  |b Juvenes Mobiles F/01/B/P/PP-118060  |c Jozef Gašparík, Sylvia Szalayová ; [traductions: Beáta Csizmadiová] 
250 |a [1. éd.] 
260 |a Bratislava  |b Université Slovaque de Technique  |b Cemaks  |c 2003 
300 |a 93 strán  |b tabuľky  |c 21 cm 
500 |a Názov z obálky 
500 |a Pravdepodobne preložené zo slovenčiny, 
504 |a Bibliografia na strane 61 
650 0 7 |a manažment kvality  |2 SNKPH  |9 932 
650 0 7 |a podnikový manažment  |2 SNKPH  |9 3483 
655 7 |a monografie  |2 SNKPH  |9 70139 
700 1 |a Szalayová, Sylvia,  |d 1971-  |4 aut  |9 24825 
700 1 |a Csizmadiová, Beáta  |4 trl  |9 442052 
919 |a 80-227-1994-3 
958 |a NB 
958 |a NS 
958 |a OP 
958 |a OND 
999 |c 696901  |d 698831 
952 |t P60, <03>, [BOOK], {603}  |a SNK  |b SNK  |y PREZ  |7 0  |p 17A0422828  |o snkSC 115441  |i snkKSP 5229/2004  |0 0  |1 0  |4 0  |d 2004-04-08  |f 1  |l 0  |r 2025-10-03 00:00:00  |w 2026-02-23 
952 |t P60, <04>, [BOOK], {604}  |a SNK  |b SNK  |y VYP  |7 0  |p 17A0422829  |o snkSC 115441 D1  |i snkKSP 5230/2004  |0 0  |1 0  |4 0  |d 2004-04-08  |l 0  |r 2005-01-02 00:00:00  |w 2026-02-23